Представление документа в формате MARC21

Поле Инд. ПП Название Значение
Тип записи a
Библиографический уровень b
001 Контрольный номер RU/IS/BASE/290088580
005 Дата корректировки 20200610181740.4
008 Кодируемые данные 20090311
040 b Код языка каталог. rus
e Правила каталог. PSBO
041 0_ a Код языка текста rus
084 a Индекс другой классификации/Индекс ББК 81.433.3-3-03; 83.3(4Исл)4
100 1_ a Автор Данилов А. С.
245 10 a Заглавие Мифологема "серый конь" в "Эдде" и саге
b Продолж. заглавия (к вопросу о семантике цветообозначений в древнеисландском)
504 a Библиография Библиогр. - Примеч.: с. 180 - 181
650 04 a Основная рубрика история литературы
a Основная рубрика лексикология
a Основная рубрика литературоведение
a Основная рубрика филологические науки
a Основная рубрика частное языкознание
a Основная рубрика языкознание
a Основная рубрика история языка
653 0_ a Ключевые слова "Эдда"
a Ключевые слова древнеисландский язык
a Ключевые слова Исландия
a Ключевые слова исландский язык
a Ключевые слова историческая поэтика
a Ключевые слова мифологемы
a Ключевые слова мифология
a Ключевые слова саги
a Ключевые слова семантика
a Ключевые слова семантика цвета
a Ключевые слова серый цвет
a Ключевые слова средние века
a Ключевые слова цвет
a Ключевые слова цветообозначение
773 08 t Заглавие источника Вестник Московского университета. Серия 9, Филология
d Дата издания источника 2008
g Прочая информация № 5. - С. 175 - 181
w Контрольный № источника RU/IS/BASE/288361571
901 t Тип документа b